000 00882nam a2200265Ia 4500
003 OSt
005 20220927104105.0
006 a|||||r|||| 00| 0
007 ta
008 220926b |||||||| |||| 00| 0 eng d
024 _a72911
037 _cReference Collections
040 _aRTL
_cRTL
_beng
041 _2eng
_aeng
082 _a"X72.1(X).N8, UN/M3"
110 _a"United Nations, Economic and Social Commission for Asia and the Pacific"
245 0 _aIntergration of tax planning into development plannning in the Escapretion
260 _aNew
_bYork United Nations U S A
_c1983
300 _a448p.
_ccm.
490 _a"UN, Development paper.3"
650 _aTax
_9363372
700 _a"United Nations, Economic and Social Commission for Asia and the Pacific"
942 _h"X72.1(X).N8, UN/M3"
_cCC
999 _c685688
_d685688